000 00727nam a2200241Ia 4500
003 OSt
005 20220918200338.0
006 a|||||r|||| 00| 0
007 ta
008 220917b |||||||| |||| 00| 0 eng d
024 _a88,400
037 _cTextual
040 _aARTS
_cARTS
_beng
041 _2eng
_aeng
082 _aT550gY22.251, K3
100 _aManjeet Kaur
_993667
245 0 _aStudy into the attitudes of mothers towards college education of girls
260 _c1963
490 _aUniversity of Delhi Psychology (Dept of ) Master of Arts Psychology dissertation
650 _aWOMEN - EDUCATION
_925383
942 _hT550gY22.251, K3
_cTEXL
_2CC
999 _c212088
_d212088